| 000 | 00445nam a2200169Ia 4500 | ||
|---|---|---|---|
| 008 | 151213s9999 xx 000 0 und d | ||
| 082 | _a657.45 | ||
| 100 | _aB.N. Tandon & Sudharsanam | ||
| 245 |
_aA handbook of practical auditing _cB.N. Tandon & Sudharsanam |
||
| 250 | _a13th | ||
| 260 |
_aNew Delhi _bS. Chand _c2002 |
||
| 300 | _a762 p. | ||
| 650 | _aAccounting | ||
| 650 | _aAuditing | ||
| 700 | _aB.N. Tandon & Sudharsanam | ||
| 999 |
_c950 _d950 |
||